<?xml version="1.0" encoding="UTF-8"?>
<collection xmlns="http://www.loc.gov/MARC21/slim">
 <record>
  <leader>07945nam a2200505 a 4500</leader>
  <controlfield tag="001">kal1552</controlfield>
  <controlfield tag="003">Gr-AtHEAL</controlfield>
  <controlfield tag="005">20160425121841.0</controlfield>
  <controlfield tag="006">m        d        </controlfield>
  <controlfield tag="008">160413s2015    gr      s           gre|c</controlfield>
  <datafield tag="020" ind1=" " ind2=" ">
   <subfield code="a">9789606032110</subfield>
  </datafield>
  <datafield tag="040" ind1=" " ind2=" ">
   <subfield code="a">GR-AtHEAL</subfield>
   <subfield code="b">gre</subfield>
   <subfield code="c">GR-AtHEAL</subfield>
  </datafield>
  <datafield tag="082" ind1="0" ind2="4">
   <subfield code="a">658.8</subfield>
   <subfield code="2">23</subfield>
  </datafield>
  <datafield tag="100" ind1="1" ind2=" ">
   <subfield code="a">Λυμπερόπουλος, Κωνσταντίνος.</subfield>
   <subfield code="8">1333</subfield>
  </datafield>
  <datafield tag="245" ind1="1" ind2="0">
   <subfield code="a">Στρατηγικές διεθνούς και εξαγωγικού μάρκετινγκ</subfield>
   <subfield code="h">[Ηλεκτρονικός πόρος] </subfield>
   <subfield code="c">Λυμπερόπουλος, Κωνσταντίνος ; Τζαναβάρας, Βασίλης ; Σαλαμούρα, Μαρία ; Κριτικός αναγνώστης,Αυλωνίτης, Γεώργιος ; Γραφιστική επιμέλεια,Λυμπεροπούλου, Μαρίνα ; Τεχνική επιμέλεια,Στραγάλη, Φαίδρα ; Γλωσσική επιμέλεια,Ρηγοπούλου, Σταυρούλα.</subfield>
  </datafield>
  <datafield tag="260" ind1=" " ind2=" ">
   <subfield code="a">Αθήνα :</subfield>
   <subfield code="b">Σύνδεσμος Ελληνικών Ακαδημαϊκών Βιβλιοθηκών,</subfield>
   <subfield code="c">c2015.</subfield>
  </datafield>
  <datafield tag="490" ind1=" " ind2=" ">
   <subfield code="a">Ακαδημαϊκά Ηλεκτρονικά Συγγράμματα και Βοηθήματα Κάλλιπος</subfield>
   <subfield code="8">40</subfield>
  </datafield>
  <datafield tag="505" ind1="0" ind2=" ">
   <subfield code="a">ΕΙΣΑΓΩΓΗ 1: ΟΙ ΔΙΕΘΝΕΙΣ ΟΙΚΟΝΟΜΙΚΕΣ ΣΧΕΣΕΙΣ ΣΤΗΝ ΕΠΟΧΗ ΤΗΣ ΠΑΓΚΟΣΜΙΟΠΟΙΗΣΗΣ, 2: ΤΟ ΠΕΡΙΒΑΛΛΟΝ ΤΟΥ ΔΙΕΘΝΟΥΣ ΜΑΡΚΕΤΙΝΓΚ, 3: Η ΔΙΟΙΚΗΣΗ ΤΟΥ ΠΑΓΚΟΣΜΙΟΥ ΜΑΡΚΕΤΙΝΓΚ, 4: Η ΔΙΕΘΝΗΣ ΣΤΡΑΤΗΓΙΚΗ ΠΡΟΙΟΝΤΟΣ, 5: Η ΔΙΕΘΝΗΣ ΤΙΜΟΛΟΓΙΑΚΗ ΠΟΛΙΤΙΚΗ, 6: ΣΤΡΑΤΗΓΙΚΕΣ ΑΠΟΦΑΣΕΙΣ ΔΙΚΤΥΩΝ ΔΙΑΝΟΜΗΣ ΣΤΙΣ ΔΙΕΘΝΕΙΣ ΑΓΟΡΕΣ, 7: ΕΠΙΚΟΙΝΩΝΙΑΚΕΣ ΣΤΡΑΤΗΓΙΚΕΣ ΓΙΑ ΔΙΕΘΝΕΙΣ ΑΓΟΡΕΣ, 8: ΤΟ ΔΙΑΔΙΚΤΥΑΚΟ ΣΥΣΤΗΜΑ ΔΙΟΙΚΗΣΗΣ ΕΞΑΓΩΓΩΝ EMSO και 9: ΜΕΛΕΤΗ ΠΕΡΙΠΤΩΣΗΣ “ΟΙΝΟΠΟΙΕΙΟΥ ΤΕΤΡΑΜΥΘΟΣ” ΜΕ ΤΗ ΧΡΗΣΗ ΤΟΥ EIMSO. ΕΥΡΕΤΗΡΙΟ ΟΡΩΝ</subfield>
  </datafield>
  <datafield tag="520" ind1=" " ind2=" ">
   <subfield code="a">Οι σύγχρονες επιχειρήσεις αντιμετωπίζουν ένα περιβάλλον ενοποίησης των αγορών προϊόντων, υπηρεσιών και παραγωγικών συντελεστών που οδηγεί μέσω της αλληλοσύνδεσης και αλληλεξάρτησης των εθνικών οικονομιών στη διαμόρφωση της παγκοσμιοποίησης. Υπό αυτό το πρίσμα, αναλύονται αρχικά οι αποφάσεις διεθνοποίησης των δραστηριοτήτων των επιχειρήσεων σε ένα παγκοσμιοποιημένο περιβάλλον. Πιο συγκεκριμένα, τα στελέχη του Μάρκετινγκ οφείλουν να μην περιορίζουν τον ορίζοντα διαμόρφωσης των στρατηγικών τους αποφάσεων στα εθνικά τους σύνορα, αλλά να εξετάζουν τις τάσεις και εξελίξεις ενός παγκοσμιοποιημένου περιβάλλοντος. Κάτι τέτοιο θα καταστεί εφικτό μέσω της μελέτης των επιδράσεων του διεθνούς εμπορίου και των ξένων αμέσων επενδύσεων στις οικονομίες των χωρών όπου δραστηριοποιούνται οι επιχειρήσεις τους. Ταυτόχρονα, πρέπει να ερευνούν την αγοραστική συμπεριφορά των καταναλωτών σε κάθε επιμέρους αγορά, ώστε να διαμορφώνουν στρατηγικές προσαρμοσμένες στις τοπικές ιδιαιτερότητες ολοένα και περισσότερο ομοιογενοποιούμενων αγορών. Οι στρατηγικές αυτές θα βασίζονται σε συστήματα πληροφοριών Μάρκετινγκ, τόσο για τις διεθνείς τάσεις και εξελίξεις, όσο και για τους μελλοντικούς ανταγωνιστές και τους πελάτες στις ξένες αγορές, στις οποίες πρόκειται να επεκταθούν. Στη συνέχεια, περιγράφονται αναλυτικά οι αποφάσεις σχετικά με τον προγραμματισμό μάρκετινγκ των επιχειρήσεων που δραστηριοποιούνται διεθνώς. Οι αποφάσεις αυτές αφορούν στρατηγικές προϊόντος, τιμολόγησης, δικτύων διανομής &amp; logistics, καθώς και στρατηγικές προβολής και επικοινωνίας για διεθνείς αγορές. Τέλος, περιγράφεται η ανάλυση της διαδικασίας του στρατηγικού σχεδιασμού και προγραμματισμού στο Διεθνές Μάρκετινγκ, μέσω της εκπόνησης ενός διεθνούς στρατηγικού σχεδίου Μάρκετινγκ, καθώς και οι τρόποι ελέγχου ως αποφασιστικοί παράγοντες ανταγωνιστικότητας και επιχειρηματικών επιδόσεων στις δραστηριότητες της διεθνούς επιχείρησης.</subfield>
  </datafield>
  <datafield tag="650" ind1=" " ind2="0">
   <subfield code="a">Export marketing</subfield>
   <subfield code="8">2416</subfield>
  </datafield>
  <datafield tag="650" ind1=" " ind2="0">
   <subfield code="a">International trade</subfield>
   <subfield code="8">2417</subfield>
  </datafield>
  <datafield tag="653" ind1=" " ind2=" ">
   <subfield code="a">Διεθνείς στρατηγικές προβολής και επικοινωνίας</subfield>
  </datafield>
  <datafield tag="653" ind1=" " ind2=" ">
   <subfield code="a">Διεθνής διανομή</subfield>
  </datafield>
  <datafield tag="653" ind1=" " ind2=" ">
   <subfield code="a">Διεθνής τιμολογιακή πολιτική</subfield>
  </datafield>
  <datafield tag="653" ind1=" " ind2=" ">
   <subfield code="a">Διεθνής πολιτική προϊόντος</subfield>
  </datafield>
  <datafield tag="653" ind1=" " ind2=" ">
   <subfield code="a">Διεθνές περιβάλλον</subfield>
  </datafield>
  <datafield tag="653" ind1=" " ind2=" ">
   <subfield code="a">Διεθνές εμπόριο</subfield>
  </datafield>
  <datafield tag="653" ind1=" " ind2=" ">
   <subfield code="a">Εξαγωγές</subfield>
  </datafield>
  <datafield tag="653" ind1=" " ind2=" ">
   <subfield code="a">Παγκοσμιοποίηση</subfield>
  </datafield>
  <datafield tag="653" ind1=" " ind2=" ">
   <subfield code="a">Διεθνοποίηση των επιχειρήσεων</subfield>
  </datafield>
  <datafield tag="653" ind1=" " ind2=" ">
   <subfield code="a">Εξωστρέφεια</subfield>
  </datafield>
  <datafield tag="653" ind1=" " ind2=" ">
   <subfield code="a">Διεθνές μάρκετινγκ</subfield>
  </datafield>
  <datafield tag="653" ind1=" " ind2=" ">
   <subfield code="a">Οικονομικές επιστήμες</subfield>
   <subfield code="a">Διοίκηση επιχειρήσεων και οικονομικά των επιχειρήσεων, μάρκετινγκ, λογιστική</subfield>
   <subfield code="a">Μάρκετινγκ και διαφήμιση</subfield>
  </datafield>
  <datafield tag="653" ind1=" " ind2=" ">
   <subfield code="a">Οικονομικές επιστήμες</subfield>
   <subfield code="a">Διεθνής οικονομική</subfield>
   <subfield code="a">Παγκοσμιοποίηση</subfield>
  </datafield>
  <datafield tag="653" ind1=" " ind2=" ">
   <subfield code="a">Οικονομικές επιστήμες</subfield>
   <subfield code="a">Διεθνής οικονομική</subfield>
   <subfield code="a">Παράγοντας διεθνούς/ων κίνησης/εων και διεθνείς επιχειρήσεις</subfield>
  </datafield>
  <datafield tag="653" ind1=" " ind2=" ">
   <subfield code="a">Οικονομικές επιστήμες</subfield>
   <subfield code="a">Διεθνής οικονομική</subfield>
   <subfield code="a">Εμπόριο</subfield>
  </datafield>
  <datafield tag="653" ind1=" " ind2=" ">
   <subfield code="a">Οικονομικές επιστήμες</subfield>
   <subfield code="a">Διοίκηση επιχειρήσεων και οικονομικά των επιχειρήσεων, μάρκετινγκ, λογιστική</subfield>
  </datafield>
  <datafield tag="700" ind1="1" ind2=" ">
   <subfield code="a">Σαλαμούρα, Μαρία</subfield>
   <subfield code="e">Συγγραφέας</subfield>
   <subfield code="8">1334</subfield>
  </datafield>
  <datafield tag="700" ind1="1" ind2=" ">
   <subfield code="a">Τζαναβάρας, Βασίλης</subfield>
   <subfield code="e">Συγγραφέας</subfield>
   <subfield code="8">1463</subfield>
  </datafield>
  <datafield tag="700" ind1="1" ind2=" ">
   <subfield code="a">Αυλωνίτης, Γεώργιος Ι.,</subfield>
   <subfield code="d">1949-</subfield>
   <subfield code="e">Κριτικός αναγνώστης</subfield>
   <subfield code="8">1336</subfield>
  </datafield>
  <datafield tag="856" ind1="4" ind2="0">
   <subfield code="u">http://hdl.handle.net/11419/1552</subfield>
   <subfield code="z">Πλήρες Κείμενο - Full text</subfield>
  </datafield>
  <datafield tag="907" ind1=" " ind2=" ">
   <subfield code="a">.b25680870</subfield>
   <subfield code="b">12-06-18</subfield>
   <subfield code="c">29-07-16</subfield>
  </datafield>
  <datafield tag="949" ind1=" " ind2=" ">
   <subfield code="0">0</subfield>
   <subfield code="1">0</subfield>
   <subfield code="2">ddc</subfield>
   <subfield code="4">0</subfield>
   <subfield code="6">658_800000000000000_ΛΥΜ</subfield>
   <subfield code="7">0</subfield>
   <subfield code="8">KALL</subfield>
   <subfield code="8">846</subfield>
   <subfield code="d">2016-04-13</subfield>
   <subfield code="r">2016-04-13</subfield>
   <subfield code="w">2016-04-13</subfield>
   <subfield code="z">658.8 ΛΥΜ</subfield>
   <subfield code="o">SEAB KALLIPOS</subfield>
  </datafield>
  <datafield tag="998" ind1=" " ind2=" ">
   <subfield code="a">80</subfield>
   <subfield code="a">01</subfield>
   <subfield code="a">02</subfield>
   <subfield code="a">03</subfield>
   <subfield code="a">04</subfield>
   <subfield code="a">05</subfield>
   <subfield code="a">06</subfield>
   <subfield code="a">07</subfield>
   <subfield code="a">08</subfield>
   <subfield code="a">09</subfield>
   <subfield code="a">10</subfield>
   <subfield code="a">11</subfield>
   <subfield code="a">12</subfield>
   <subfield code="a">13</subfield>
   <subfield code="a">14</subfield>
   <subfield code="a">15</subfield>
   <subfield code="a">16</subfield>
   <subfield code="a">17</subfield>
   <subfield code="a">18</subfield>
   <subfield code="a">19</subfield>
   <subfield code="a">20</subfield>
   <subfield code="a">21</subfield>
   <subfield code="a">22</subfield>
   <subfield code="a">23</subfield>
   <subfield code="a">24</subfield>
   <subfield code="a">25</subfield>
   <subfield code="a">26</subfield>
   <subfield code="b">22-05-17</subfield>
   <subfield code="c">m</subfield>
   <subfield code="d">z  </subfield>
   <subfield code="e">-</subfield>
   <subfield code="f">gre</subfield>
   <subfield code="g">gr </subfield>
   <subfield code="h">0</subfield>
  </datafield>
  <datafield tag="942" ind1=" " ind2=" ">
   <subfield code="2">ddc</subfield>
   <subfield code="c">KALLIPOS</subfield>
  </datafield>
 </record>
</collection>
